Cheltenham Town Trivia - Statistics

General Stats
  • This quiz has been taken 7 times
  • The average score is 4 of 15
Answer Stats
Question Answer % Correct
What is Cheltenham Town’s nickname? The {Robins}
100%
Who is Cheltenham Town’s record signing, arriving from Sligo Rovers for £100k in 2023? Aidan Keena
43%
What is the name of Cheltenham Town’s stadium? EV Charger Points Stadium
43%
Who is the current manager of Cheltenham Town? Michael Flynn
43%
Which Cheltenham Town manager guided the club to the Football League for the first time, as champions of the 1998/99 Conference? Steve Cotterill
43%
With which club does Cheltenham Town contest El Glosico? Forest Green Rovers
29%
Which Englishman is Cheltenham Town’s record goalscorer with 290? Dave Lewis
14%
Who is the current captain of Cheltenham Town? Harry Pell
14%
Who is Cheltenham Town’s record sale, joining Bristol City for £1.5m in 2018? Mo Eisa
14%
What is the name of the Cheltenham Town mascot? Whaddney the Robin
14%
Who is Cheltenham Town’s longest-serving manager, spending 11 years in charge from 1937 to 1948? Jimmy Brain
0%
Who captained Cheltenham Town to victory in the 2002 Third Division Play-Off Final before returning as manager in 2009? Mark Yates
0%
Which Englishman is Cheltenham Town’s record appearance-maker with 703? Roger Thorndale
0%
Which team did Cheltenham Town beat 1-0 in the 1998 FA Trophy Final? Southport
0%
Which team did Cheltenham Town face in the Fifth Round of the 2001/02 FA Cup, their best run in the competition? West Bromwich Albion
0%
No matching quizzes found
Score Distribution
Percent of People with Each Score
Percentile by Number Answered
Your Score History
You have not taken this quiz